Flags of countries of the world #5 - Statistics

General Stats
  • This quiz has been taken 58 times
  • The average score is 16 of 18
Answer Stats
Picture Answer % Correct
Austria
97%
Iran
97%
Iraq
97%
Poland
97%
Jordan
91%
Monaco
91%
Syria
91%
Egypt
88%
Indonesia
88%
Peru
88%
United Arab Emirates
88%
Barbados
85%
Yemen
85%
Kuwait
82%
Antigua-and-Barbuda
79%
Sudan
76%
Tajikistan
73%
Malawi
70%
No matching quizzes found
Score Distribution
Percent of People with Each Score
Percentile by Number Answered
Your Score History
You have not taken this quiz